Consumer Behavior: Building Marketing Strategy (Record no. 42954)

MARC details
000 -LEADER
fixed length control field 00331nam a2200121Ia 4500
008 - FIXED-LENGTH DATA ELEMENTS--GENERAL INFORMATION
fixed length control field 241028s9999 xx 000 0 und d
041 ## - LANGUAGE CODE
Language code of text/sound track or separate title eng
082 ## - DEWEY DECIMAL CLASSIFICATION NUMBER
Classification number 658.8342 NEL
100 ## - MAIN ENTRY--PERSONAL NAME
Personal name Amy Nelson
245 ## - TITLE STATEMENT
Title Consumer Behavior: Building Marketing Strategy
260 ## - PUBLICATION, DISTRIBUTION, ETC.
Name of publisher, distributor, etc. Murphy & Moore Publishing
Place of publication, distribution, etc. USA
Date of publication, distribution, etc. 2022
300 ## - PHYSICAL DESCRIPTION
Extent 233;. P. 27 cm
Holdings
Withdrawn status Lost status Damaged status Not for loan Home library Current library Shelving location Date acquired Cost, normal purchase price Total Checkouts Total Renewals Full call number Barcode Date last seen Date last checked out Cost, replacement price Price effective from Koha item type
        IMTN IMTN Rack 37-B 07/03/2024 13321.00 1 1 658.8342 NEL 33383 12/03/2024 11/04/2024 154.00 10/28/2024 Books
Designed & Maintained by: LRC IMT Nagpur Contact: lrc@imtnag.ac.in© 2024. All Rights Reserved.